[Event "CZE-chTE U20 1011"]
[Site "Czech Republic"]
[Date "2010.11.27"]
[Round "5.6"]
[White "Folwarczny, Marek"]
[Black "Valencik, Michal"]
[Result "0-1"]
[WhiteElo "1654"]
[BlackElo "1741"]
[PlyCount "104"]
[EventDate "2010.10.02"]
[EventType "team-tourn"]
[EventRounds "11"]
[EventCountry "CZE"]
[SourceTitle "EXT 2012"]
[Source "ChessBase"]
[SourceDate "2011.11.24"]
[SourceVersion "1"]
[SourceVersionDate "2011.11.24"]
[SourceQuality "1"]
[WhiteTeam "Orlova (U20)"]
[BlackTeam "Havirov (U20)"]
[WhiteTeamCountry "CZE"]
[BlackTeamCountry "CZE"]

1. e4 c6 2. d4 d5 3. exd5 cxd5 4. Nc3 Nf6 5. Bf4 a6 6. h3 Bf5 7. Bd3 Bxd3 8. Qxd3 e6 9. Nf3 Bd6 10. Bg5 0-0 11. 0-0 h6 12. Bh4 Nbd7 13. Rfe1 Qc7 14. Bxf6 Nxf6 15. Ne5 Bxe5 16. Rxe5 Nd7 17. Re3 Nb6 18. Rb1 Qc4 19. Qxc4 Nxc4 20. Re2 b5 21. Nd1 Rac8 22. c3 Rc7 23. Ne3 Rb8 24. Nc2 a5 25. a3 Kf8 26. f3 Ke7 27. Kf2 Kd6 28. Ne3 Nxe3 29. Kxe3 b4 30. axb4 axb4 31. cxb4 Rxb4 32. Rd1 Rcb7 33. Rdd2 Rb3+ 34. Kf4 f6 35. Kg4 g6 36. h4 e5 37. dxe5+ fxe5 38. h5 R3b4+ 39. Re4 Ke6 40. Rxb4 Rxb4+ 41. Kg3 gxh5 42. Rc2 Kd6 43. Rc8 h4+ 44. Kh3 d4 45. Rd8+ Ke7 46. Rd5 Ke6 47. Ra5 d3 48. Ra1 Rxb2 49. Rd1 d2 50. Kxh4 Kd5 51. Kg3 Kd4 52. Kf2 Kd3 0-1

[Event "Ostrava op"]
[Site "Ostrava"]
[Date "2010.05.06"]
[Round "6"]
[White "Sumbera, Antonin"]
[Black "Valencik, Michal"]
[Result "0-1"]
[WhiteElo "1620"]
[BlackElo "1740"]
[PlyCount "70"]
[EventDate "2010.05.01"]
[EventType "swiss"]
[EventRounds "9"]
[EventCountry "CZE"]
[SourceTitle "EXT 2011"]
[Source "ChessBase"]
[SourceDate "2010.11.26"]
[SourceVersion "1"]
[SourceVersionDate "2010.11.26"]
[SourceQuality "1"]

1. e4 c6 2. d4 d5 3. Nc3 dxe4 4. Nxe4 Bf5 5. Ng3 Bg6 6. Nf3 Nd7 7. Bd2 e6 8. Be2 Bd6 9. 0-0 Ngf6 10. Bg5 Qc7 11. Bxf6 Nxf6 12. Bd3 0-0-0 13. Ng5 Bxg3 14. fxg3 Rxd4 15. Qe2 Bxd3 16. cxd3 Rhd8 17. Rad1 h6 18. Ne4 Nxe4 19. dxe4 Rxd1 20. Rxd1 Rxd1+ 21. Qxd1 Qb6+ 22. Kh1 Qxb2 23. h3 Qxa2 24. Qd6 Qa1+ 25. Kh2 Qf6 26. Qf8+ Kc7 27. e5 Qxe5 28. Qxf7+ Kb6 29. Qd7 a5 30. Qd8+ Qc7 31. Qd4+ c5 32. Qb2+ Ka6 33. Qe2+ c4 34. Qxe6+ Qc6 35. Qe7 c3 0-1

[Event "Ostrava op"]
[Site "Ostrava"]
[Date "2010.05.01"]
[Round "1"]
[White "Karhanek, Pavel"]
[Black "Valencik, Michal"]
[Result "1-0"]
[WhiteElo "2190"]
[BlackElo "1740"]
[PlyCount "65"]
[EventDate "2010.05.01"]
[EventType "swiss"]
[EventRounds "9"]
[EventCountry "CZE"]
[SourceTitle "EXT 2011"]
[Source "ChessBase"]
[SourceDate "2010.11.26"]
[SourceVersion "1"]
[SourceVersionDate "2010.11.26"]
[SourceQuality "1"]

1. d4 c6 2. Nf3 d5 3. e3 Bg4 4. c4 e6 5. Qb3 Qc7 6. Nc3 Nf6 7. Bd3 Nbd7 8. cxd5 exd5 9. Bd2 Bd6 10. h3 Bh5 11. Nh4 Bg6 12. Nxg6 hxg6 13. 0-0-0 0-0-0 14. Kb1 Kb8 15. Rc1 Qb6 16. Qc2 Rh4 17. Ka1 Rc8 18. Na4 Qd8 19. b4 Qe7 20. Rb1 Ne4 21. Be1 Rhh8 22. Nc5 f5 23. Rb3 Bxc5 24. bxc5 Kc7 25. f3 Nef6 26. Bg3+ Kd8 27. Rxb7 Ke8 28. Be5 Qe6 29. Bd6 Kf7 30. Re1 Rhe8 31. e4 fxe4 32. fxe4 dxe4 33. Rxe4 1-0

[Event "CZE-ch U14"]
[Site "Kouty nad Desnou"]
[Date "2009.03.13"]
[Round "8"]
[White "Mikes, Jan"]
[Black "Valencik, Michal"]
[Result "0-1"]
[WhiteElo "1814"]
[BlackElo "1754"]
[PlyCount "118"]
[EventDate "2009.03.07"]
[EventType "swiss"]
[EventRounds "9"]
[EventCountry "CZE"]
[SourceTitle "EXT 2011"]
[Source "ChessBase"]
[SourceDate "2010.11.26"]
[SourceVersion "1"]
[SourceVersionDate "2010.11.26"]
[SourceQuality "1"]

1. e4 c6 2. c4 d5 3. exd5 cxd5 4. cxd5 Nf6 5. Qa4+ Nbd7 6. Nc3 g6 7. Nf3 Bg7 8. Bc4 0-0 9. d3 a6 10. Qa3 b5 11. Bxb5 Bb7 12. Bc4 Nb6 13. 0-0 Nfxd5 14. Nxd5 Nxd5 15. Rb1 Nb6 16. Bg5 Re8 17. Rfe1 Nxc4 18. dxc4 f6 19. Bh4 Qc7 20. Rbc1 e5 21. c5 Bc6 22. b4 h5 23. Bg3 a5 24. Qb3+ Kh7 25. b5 Bxf3 26. Qxf3 Bh6 27. Rcd1 Bg7 28. c6 Qb6 29. Rd7 Ra7 30. Qd5 Re7 31. Rd8 Rac7 32. h4 Rf7 33. Kh1 Rce7 34. f3 f5 35. Re2 e4 36. Bf2 Qc7 37. b6 Qf4 38. c7 Rxc7 39. bxc7 Rxc7 40. Qg8+ Kh6 41. Rc8 Qc1+ 42. Re1 Rxc8 43. Qd5 Qc2 44. Be3+ Kh7 45. Rc1 Qd3 46. Qxd3 Rxc1+ 47. Bxc1 exd3 48. Bd2 a4 49. Kg1 Be5 50. Kf2 Kg7 51. f4 Bd4+ 52. Be3 Bc3 53. Bc5 Kf7 54. Ke3 Be1 55. Kxd3 Bxh4 56. Kc4 Be7 57. Bxe7 Kxe7 58. Kb4 g5 59. fxg5 f4 0-1

[Event "CZE-ch U14"]
[Site "Kouty nad Desnou"]
[Date "2009.03.08"]
[Round "2"]
[White "Valencik, Michal"]
[Black "Kozel, Jiri"]
[Result "1-0"]
[WhiteElo "1754"]
[BlackElo "1885"]
[PlyCount "73"]
[EventDate "2009.03.07"]
[EventType "swiss"]
[EventRounds "9"]
[EventCountry "CZE"]
[SourceTitle "EXT 2011"]
[Source "ChessBase"]
[SourceDate "2010.11.26"]
[SourceVersion "1"]
[SourceVersionDate "2010.11.26"]
[SourceQuality "1"]

1. e4 c5 2. c3 e6 3. d4 d5 4. exd5 Qxd5 5. Nf3 Nf6 6. Be2 Nc6 7. 0-0 Be7 8. Bf4 0-0 9. Ne5 cxd4 10. Nxc6 Qxc6 11. cxd4 Nd5 12. Bf3 Qd7 13. Bg3 b6 14. Be4 Bb7 15. Qf3 f5 16. Bxd5 Bxd5 17. Qe3 Rf6 18. Nc3 Bb7 19. Rfe1 Bb4 20. Rac1 Raf8 21. Be5 Rg6 22. f3 Qe7 23. a3 Bxc3 24. Rxc3 Qh4 25. Qf2 Qh5 26. Bf4 Bd5 27. Re5 Rgf6 28. Rc7 g5 29. Qg3 Rg6 30. Bd2 f4 31. Qe1 Rh6 32. h3 Kh8 33. Bb4 Rd8 34. Rf5 Qg6 35. Qe5+ Kg8 36. Rxg5 Bxf3 37. Rg7+ 1-0

[Event "Morava-ch U14"]
[Site "Havirov"]
[Date "2008.10.29"]
[Round "9"]
[White "Valencik, Michal"]
[Black "Kriebel, Tadeas"]
[Result "1/2-1/2"]
[WhiteElo "1725"]
[BlackElo "2106"]
[PlyCount "24"]
[EventDate "2008.10.25"]
[EventType "swiss"]
[EventRounds "9"]
[EventCountry "CZE"]
[SourceTitle "EXT 2009"]
[Source "ChessBase"]
[SourceDate "2008.11.26"]
[SourceVersion "1"]
[SourceVersionDate "2008.11.26"]
[SourceQuality "1"]

1. d4 d5 2. c4 c6 3. cxd5 cxd5 4. Nc3 Nf6 5. Nf3 Nc6 6. Bf4 Bf5 7. e3 e6 8. Bd3 Bxd3 9. Qxd3 Bd6 10. Bxd6 Qxd6 11. 0-0 0-0 12. Rac1 Rfc8 1/2-1/2

[Event "Morava-ch U14"]
[Site "Havirov"]
[Date "2008.10.25"]
[Round "2"]
[White "Valencik, Michal"]
[Black "Karlik, Ondrej"]
[Result "0-1"]
[WhiteElo "1725"]
[BlackElo "1905"]
[PlyCount "72"]
[EventDate "2008.10.25"]
[EventType "swiss"]
[EventRounds "9"]
[EventCountry "CZE"]
[SourceTitle "EXT 2009"]
[Source "ChessBase"]
[SourceDate "2008.11.26"]
[SourceVersion "1"]
[SourceVersionDate "2008.11.26"]
[SourceQuality "1"]

1. e4 d5 2. exd5 Qxd5 3. Nc3 Qa5 4. d4 c6 5. Bc4 Bf5 6. d5 Nf6 7. Bf4 Nbd7 8. dxc6 bxc6 9. Nge2 e5 10. Be3 Rd8 11. Ng3 Bg6 12. Qe2 Bb4 13. Bd2 0-0 14. Bb3 Rfe8 15. 0-0 Nd5 16. Bxd5 cxd5 17. a3 Bxc3 18. Bxc3 Qc7 19. Rac1 Nc5 20. Rfe1 f6 21. b3 Ne6 22. Qd2 Qc6 23. Ne2 Nc5 24. Ng3 Ne6 25. Ne2 Rc8 26. Bb2 Nc5 27. Nc3 d4 28. Na2 Qb6 29. Qb4 d3 30. Qxb6 axb6 31. Bc3 dxc2 32. Re2 Nxb3 33. Rce1 c1Q 34. Nxc1 Rxc3 35. Nxb3 Rxb3 36. Ra2 Ra8 0-1

[Event "Orlova op 5th"]
[Site "Orlova"]
[Date "2008.05.23"]
[Round "7"]
[White "Straka, Jozef1"]
[Black "Valencik, Michal"]
[Result "1-0"]
[WhiteElo "2078"]
[BlackElo "1643"]
[PlyCount "87"]
[EventDate "2008.05.17"]
[EventType "swiss"]
[EventRounds "9"]
[EventCountry "CZE"]
[SourceTitle "EXT 2012"]
[Source "ChessBase"]
[SourceDate "2011.11.24"]
[SourceVersion "1"]
[SourceVersionDate "2011.11.24"]
[SourceQuality "1"]

1. d4 d5 2. c4 e6 3. Nc3 Nf6 4. Bg5 Be7 5. cxd5 exd5 6. e3 h6 7. Bh4 Nbd7 8. Bd3 b6 9. Nf3 0-0 10. 0-0 Bb7 11. Rc1 c5 12. dxc5 Nxc5 13. Bb1 Rc8 14. Nd4 Nce4 15. Nf5 Qd7 16. Nxe7+ Qxe7 17. Qd4 Rfd8 18. Rfd1 Nxc3 19. Rxc3 Rxc3 20. Qxc3 g5 21. Bg3 Ne4 22. Qd3 f5 23. f3 Nxg3 24. hxg3 Rf8 25. a3 Qe5 26. Ba2 Rd8 27. Qd4 Qxg3 28. Qf6 Qd6 29. Qxf5 Kg7 30. Bb1 Rh8 31. f4 Bc8 32. Qxd5 Qf6 33. Qd4 Qxd4 34. Rxd4 Re8 35. Kf2 gxf4 36. exf4 Rf8 37. g3 h5 38. Rd6 h4 39. Rg6+ Kf7 40. gxh4 Ke7 41. Kg3 Rf6 42. Rg7+ Rf7 43. Rxf7+ Kxf7 44. f5 1-0

[Event "Orlova op 4th"]
[Site "Orlova"]
[Date "2007.05.19"]
[Round "1"]
[White "Valencik, Michal"]
[Black "Mrazek, Lumir"]
[Result "0-1"]
[WhiteElo "1387"]
[BlackElo "2039"]
[PlyCount "76"]
[EventDate "2007.05.19"]
[EventType "swiss"]
[EventRounds "9"]
[EventCountry "CZE"]
[SourceTitle "EXT 2012"]
[Source "ChessBase"]
[SourceDate "2011.11.24"]
[SourceVersion "1"]
[SourceVersionDate "2011.11.24"]
[SourceQuality "1"]

1. e4 e5 2. Nf3 Nc6 3. Bc4 Nf6 4. Ng5 d5 5. exd5 Na5 6. Bb5+ c6 7. dxc6 bxc6 8. Ba4 h6 9. Nf3 e4 10. Ne5 Qd4 11. Bxc6+ Nxc6 12. Nxc6 Qc5 13. Nxa7 Bg4 14. d4 Qxa7 15. Qd2 Bd6 16. Nc3 0-0 17. Nb5 Qb6 18. c4 Rfd8 19. 0-0 Be5 20. Qc3 Bxd4 21. Nxd4 Qxd4 22. Qxd4 Rxd4 23. b3 Be6 24. Re1 Nd7 25. Be3 Rd3 26. Bf4 g5 27. Bc7 Ra7 28. Bd8 Kf8 29. h4 Ke8 30. hxg5 Kxd8 31. gxh6 Bf5 32. g4 Bh7 33. Rad1 Rxa2 34. Kg2 Rf3 35. c5 Rfxf2+ 36. Kg3 Rf3+ 37. Kh4 Rh2+ 38. Kg5 f6# 0-1